00897 2200181 4500001002100000005001500021035002000036245006500056100001700121250001700138300002800155260003900183082001400222084002000236020002200256600001400278520042300292INLIS00000000000085220250109125903 a0010-01250000251 aAyo Mengenal Indonesia :bKalimantan Selatan /cAprio Rabadi0 aAprio Rabadi acetakan ke-1 a56 hlm :bIlus ;c21 cm aBekasi :bUranus Publishing,c2011 a912.59836 a912.59836 APR a a978-602-863-708-4 4ageografis aPernahkah kamu bertemu dengan teman- teman Suku Badui? Apakah kamu pernah men- coba makan ulat sagu? Maukah kamu berkun- jung ke Danau Toba? Mau mendengar kisah awal mula Candi Prambanan? Semua hal itu dapat kamu ketahui di buku AYO MENGENAL INDONESIA ini. Mengunjungi ke-33 provinsi tentu menyenangkan. Apalagi jika kamu melakukannya dalam waktu satu hari. Ayo, menjelajah Nusantara di AYO MENGENAL INDONESIA